| 000 | 00380cam a2200181 4500 | ||
|---|---|---|---|
| 001 | D13236 | ||
| 008 | 090401t1923 xxu||||| |||| 00| 0 eng d | ||
| 035 | _a(Sirsi) u8644 | ||
| 041 | _aeng | ||
| 100 | _aLeaning, J. | ||
| 245 | _aQuantity surveying | ||
| 250 | _a5th | ||
| 260 |
_bE F Spon _c1923 |
||
| 350 | _a0 | ||
| 520 | _aShelf 118 | ||
| 942 | _n0 | ||
| 948 | _c04/03/1997 | ||
| 999 |
_c86540 _d86540 |
||